000 00852nam a2200229 a 4500
001 54388
003 BD-RjUL
005 20211209080119.0
008 161106s1967 bg ||||| |||| 00| d ben d
020 _c: Tk. 2.00
035 _a(BD-RjUL)54510
040 _aBD-RjUL
_bben
_cBD-RjUL
041 _aben
082 _223
_a891.442
_bSAS 1967
100 _aসরকার, মো : ছাবেদ আলী
_9162302
245 1 0 _aসিরাজের কলঙ্ক মোচন :
_b(ঐতিহাসিক নাটক) /
_cমো : ছাবেদ আলী সরকার
260 _aবগুড়া :
_bসাজ্জাদ-উ-দ্দৌলা,
_c১৯৬৭
300 _a[৮], ১২১ পৃ. ;
_c১৬ সেমি.
650 _aবাংলা নাটক
_9162303
650 _aBengali Drama
_9162304
942 _2ddc
_cBK
999 _c54388
_d54388